Statystyki dla Państwa graniczne z... Francją

Kliknij tutaj aby rozwiązać quiz!

Ogólne statystyki

  • Ten quiz został rozwiązany 1 078 razy
  • Średni wynik to 7 z 8

Statystyki odpowiedzi

Długość GranicyKraj% Poprawnych
623 kmHiszpania
96%
451 kmNiemcy
95%
620 kmBelgia
91%
573 kmSzwajcaria
80%
488 kmWłochy
80%
56 kmAndora
75%
73 kmLuksemburg
74%
4 kmMonako
66%

Rozkład punktacji

Percentyl według liczby udzielonych odpowiedzi

Procent ludzi z każdym wynikiem

Twoja historia wyników

Nie rozwiązałeś tego quizu